Farm mechanization : costs and methods.

Saved in:
Bibliographic Details
Main Author: Culpin, Claude
Format: Book
Language:English
Published: London : C. Lockwood, 1951.
Series:Agricultural and horticultural series.
Subjects:
LEADER 00879cam a22002291a 4500
001 c000214732
003 CARM
005 19911218000000.0
008 920813s1951 enk 000 0 eng d
019 1 |a 9188564  |z 46645672  |z 55540247  |5 LACONCORD2021 
035 |a (OCoLC)1246557  |5 LACONCORD2021 
040 |a ANL  |b eng  |c ANL 
100 1 |a Culpin, Claude. 
245 1 0 |a Farm mechanization :  |b costs and methods. 
260 |a London :  |b C. Lockwood,  |c 1951. 
300 |a ix, 147 p. :  |b illus. ;  |c 23 cm. 
490 0 |a Agricultural and horticultural series. 
650 0 |a Agricultural machinery. 
650 0 |a Agriculture  |x Economic aspects  |z Great Britain. 
852 8 |b CARM  |h A2:AM25A0  |i B05910  |p 0253926  |f BK 
999 f f |i f40d39ae-9d27-51bd-940f-bcc685c5d0ff  |s 3c2255c4-cae5-5d61-bdb7-242ea3c3a281 
952 f f |p Can circulate  |a CAVAL  |b CAVAL  |c CAVAL  |d CARM 1 Store  |e B05910  |f A2:AM25A0  |h Other scheme  |i book  |m 0253926